Rubber and rubber planting (Record no. 42935)

MARC details
000 -LEADER
fixed length control field 00419nam a2200157Ia 4500
020 ## - INTERNATIONAL STANDARD BOOK NUMBER
ISBN 9.78115E+12
082 ## - DEWEY DECIMAL CLASSIFICATION NUMBER
Classification number NR:63
Item number LOC
100 ## - MAIN ENTRY--AUTHOR NAME
Personal name Lock, R H
245 #0 - TITLE STATEMENT
Title Rubber and rubber planting
260 ## - PUBLICATION, DISTRIBUTION, ETC. (IMPRINT)
Place of publication Cambridge
Name of publisher Cambridge University Press
Year of publication 1913
650 ## - SUBJECT ADDED ENTRY--TOPICAL TERM
Topical Term Planting operations
650 ## - SUBJECT ADDED ENTRY--TOPICAL TERM
Topical Term Rubber goods manufacture
650 ## - SUBJECT ADDED ENTRY--TOPICAL TERM
Topical Term Rubber history
942 ## - ADDED ENTRY ELEMENTS (KOHA)
Koha item type Books
Holdings
Withdrawn status Lost status Damaged status Not for loan Home library Current library Date acquired Cost, normal purchase price Full call number Accession Number Koha item type
        RRII Library RRII Library 16/12/2021 1410.00 NR:63 LOC 23199 Books